Sir William Jones : (Record no. 25710)
[ view plain ]
| 000 -LEADER | |
|---|---|
| fixed length control field | 01089nam a22003011a 4500 |
| 001 - CONTROL NUMBER | |
| control field | 25710 |
| 003 - CONTROL NUMBER IDENTIFIER | |
| rucl marc code | BD-RjUL |
| 005 - DATE AND TIME OF LATEST TRANSACTION | |
| control field | 20211209050921.0 |
| 008 - FIXED-LENGTH DATA ELEMENTS--GENERAL INFORMATION | |
| fixed length control field | 140319s1968 enkacfh b 001 0 eng d |
| 020 ## - INTERNATIONAL STANDARD BOOK NUMBER | |
| International Standard Book Number | 0521057779 |
| 035 ## - SYSTEM CONTROL NUMBER | |
| System control number | (BD-RjUL)25780 |
| 040 ## - CATALOGING SOURCE | |
| Original cataloging agency | LC |
| Language of cataloging | eng |
| Transcribing agency | LC |
| Modifying agency | LC |
| -- | BD-RjUL |
| 041 ## - LANGUAGE CODE | |
| Language code of text/sound track or separate title | eng |
| 082 00 - DEWEY DECIMAL CLASSIFICATION NUMBER | |
| Classification number | 320.954 |
| Author mark and year | MUS 1968 |
| 100 1# - MAIN ENTRY--PERSONAL NAME | |
| Personal name | Mukherjee, S. N. |
| Fuller form of name | (Soumyendra Nath) |
| 9 (RLIN) | 78972 |
| 245 10 - TITLE STATEMENT | |
| Title | Sir William Jones : |
| Remainder of title | a study in eighteenth-century British attitudes to India / |
| Statement of responsibility, etc. | by S. N. Mukherjee. |
| 260 ## - PUBLICATION, DISTRIBUTION, ETC. (IMPRINT) | |
| Place of publication, distribution, etc. | London : |
| Name of publisher, distributor, etc. | Cambridge U.P., |
| Date of publication, distribution, etc. | 1968. |
| 300 ## - PHYSICAL DESCRIPTION | |
| Pagination | viii, 199 p. : |
| Illustrations | 3 plates, illus., facsims., 2 ports. |
| Size | 23 cm. |
| 504 ## - BIBLIOGRAPHY, ETC. NOTE | |
| Bibliography, etc | Bibliography: p. 179-194. and index. |
| 600 10 - SUBJECT ADDED ENTRY--PERSONAL NAME | |
| Personal name | Jones, William, |
| Titles and other words associated with a name | Sir, |
| Dates associated with a name | 1746-1794. |
| 650 #0 - SUBJECT ADDED ENTRY--TOPICAL TERM | |
| Topical term or geographic name as entry element | India |
| General subdivision | Study and teaching |
| Geographic subdivision | Great Britain |
| General subdivision | History |
| Chronological subdivision | 18th century. |
| 9 (RLIN) | 78974 |
| Topical term or geographic name as entry element | Indologists |
| Geographic subdivision | Great Britain |
| General subdivision | Biography. |
| 9 (RLIN) | 78975 |
| Topical term or geographic name as entry element | Sanskritists |
| Geographic subdivision | Great Britain |
| General subdivision | Biography. |
| 9 (RLIN) | 78976 |
| 942 ## - ADDED ENTRY ELEMENTS (KOHA) | |
| Source of classification or shelving scheme | Dewey Decimal Classification |
| Koha item type | Books |
| Lost status | Source of classification or shelving scheme | Damaged status | Not for loan | Collection code | Permanent Location | Current Location | Shelving location | Date acquired | Source of acquisition | Cost, normal purchase price | Total Checkouts | Full call number | Date last seen | Copy number | Koha item type |
|---|---|---|---|---|---|---|---|---|---|---|---|---|---|---|---|
| Dewey Decimal Classification | Added to bundle | Non-fiction | Central Library, University of Rajshahi | Central Library, University of Rajshahi | Reading Room | 19/09/1969 | Pakistan Book Centre, Karachi. | 37.50 | 320.954 MUS 1968 | 19/03/2014 | C-1 | Books | |||
| Dewey Decimal Classification | Non-fiction | Central Library, University of Rajshahi | Central Library, University of Rajshahi | 25/10/1970 | Sweets & Zeitlinger. | 50.00 | 320.954 MUS 1968 | 19/03/2014 | C-2 | Books | |||||
| Dewey Decimal Classification | Non-fiction | Central Library, University of Rajshahi | Central Library, University of Rajshahi | 11/07/1974 | India Govt., Gift. | 320.954 MUS 1968 | 19/03/2014 | C-3 | Books | ||||||
| Dewey Decimal Classification | Non-fiction | Central Library, University of Rajshahi | Central Library, University of Rajshahi | 13/01/1975 | Jonathan wren & Com., London. | 3.20 | 320.954 MUS 1968 | 19/03/2014 | C-4 | Books | |||||
| Dewey Decimal Classification | Non-fiction | Central Library, University of Rajshahi | Central Library, University of Rajshahi | 03/06/1975 | Jonathan wren & Com., London. | 3.20 | 320.954 MUS 1968 | 19/03/2014 | C-5 | Books |